Научные открытия и изобретения - Statistics

General Stats
  • This quiz has been taken 15 times
  • The average score is 7 of 15
Answer Stats
Question Answer % Correct
Закон всемирного тяготения Исаак Ньютон
93%
Теория эволюции Чарльз Дарвин
87%
Гелиоцентрическая система мира Николай Коперник
67%
Фиксатор для правильного сращивания костной ткани Гавриил Илизаров
60%
Радиоактивность Анри Беккерель
53%
Классификация живых организмов Карл Линней
53%
Конвейерное производство Генри Форд
47%
Машинное обучение Алан Тьюринг
47%
Двойная спираль ДНК Фрэнсис Крик
40%
Катушка индуктивности Майкл Фарадей
40%
Экспериментальный прибор для циклического доказательства округлости Земли Жан Фуко
40%
Реактивный летательный аппарат (ракета) Николай Кибальчич
33%
Радио Гульельмо Маркони
27%
Строительная каска Франц Кафка
20%
Сверхпрочный тонкий металлический наноматериал Андрей Гейм и Константин Новосёлов
20%
No matching quizzes found
Score Distribution
Percent of People with Each Score
Percentile by Number Answered
Your Score History
You have not taken this quiz